[Event "EU-ch 2nd"]
[Site "Ohrid"]
[Date "2001.06.09"]
[Round "8"]
[White "Gyimesi, Zoltan"]
[Black "Czebe, Attila"]
[Result "1-0"]
[WhiteElo "2571"]
[BlackElo "2502"]
[Annotator "Rabinovich,Al"]
[PlyCount "68"]
[EventDate "2001.06.01"]
[EventType "swiss"]
[EventRounds "13"]
[EventCountry "YUG"]
[SourceTitle "CBM 084"]
[Source "ChessBase"]
[SourceDate "2001.09.13"]
[SourceVersion "1"]
[SourceVersionDate "2001.09.13"]
[SourceQuality "1"]

1. d4 {[%mdl 4148]} Nf6 2. c4 e6 3. Nf3 b6 4. g3 Ba6 5. b3 Bb4+ 6. Bd2 Be7 7.
Bg2 c6 8. Bc3 d5 9. Nbd2 (9. Ne5 {Another popular possibility for white.} Nfd7
10. Nxd7 Nxd7 11. Nd2 O-O (11... f5 $5 {Transfering to Stonewall structure.}
12. O-O O-O 13. Rc1 Rc8 14. Bb2 b5 15. c5 b4 16. Nf3 Bb5 17. Qd2 a5 18. Qe3 $14
{1-0 Beliavsky,A-Ashley,M/Las Vegas USA 2001/The Week in Chess 332 (41)}) 12.
O-O Nf6 13. e4 b5 14. Re1 dxe4 15. Qc2 Rb8 16. Rad1 Qc7 (16... Qc8 $5 {Gershon,
A}) 17. Bf1 bxc4 18. bxc4 c5 19. dxc5 Bb7 20. Nb3 Nd7 21. Qb2 g6 22. Bg2 f5 $15
{0-1 Timman,J-Anand,V/Wijk aan Zee NED 2001/The Week in Chess 325 (30)}) 9...
Nbd7 10. O-O O-O 11. Re1 (11. Qb1 {[%cal Ge2e4]} c5 12. Qb2 Rc8 13. Rac1 cxd4
14. Bxd4 dxc4 15. Nxc4 Bxc4 16. bxc4 Bc5 17. e3 Qe7 $11 {1/2-1/2 Granda Zuniga,
J-Vyzmanavin,A/Elenite 1993/CBM 38 (55)}) 11... c5 12. e4 (12. Rc1 $6 Rc8 13.
Bb2 b5 $1 $11) 12... dxe4 13. Nxe4 Nxe4 (13... Bb7 14. Nfg5 (14. Ned2 Re8 15.
Qe2 Qc7 16. Rad1 Rad8 17. dxc5 Bxc5 18. Ng5 Bxg2 19. Kxg2 h6 20. Nge4 Be7 21.
f4 Nxe4 22. Nxe4 f5 23. Nf2 Bf6 $14 {1/2-1/2 Kramnik,V-Polgar,J/Wijk aan Zee
NED 2000/The Week in Chess 273 (31)}) 14... cxd4 15. Bxd4 Qc7 16. Nxf6+ Bxf6
17. Bxb7 Qxb7 18. Ne4 Bxd4 19. Qxd4 Rad8 20. Rad1 Qc7 21. Qd6 Qxd6 22. Nxd6 Nb8
23. Nb7 Rxd1 24. Rxd1 Rc8 25. Kf1 {1/2-1/2 Lautier,J-Gelfand,B/Pamplona 1999/
CBM 75 (25)}) 14. Rxe4 Bb7 15. Re3 cxd4 $6 {Not the best decition.It was
better to bring one of the pieces to f6,not letting white to play d5 and only
then to exchange on d4.} (15... Nf6 16. Ne5 Qc7 $2 (16... cxd4 17. Bxd4 Qc7 18.
Bxb7 Qxb7 19. Qf3 Qxf3 20. Rxf3 Rac8 21. Rd1 Rfd8 22. Rfd3 Kf8 {1/2-1/2 Van
Wely,L-Kramnik,V/Wijk aan Zee NED 2000/The Week in Chess 273 (22)}) 17. d5 exd5
18. cxd5 Rad8 19. Rd3 $16 {1-0 Gyimesi,Z-Shariyazdanov,A/Neum BIH 2000/The
Week in Chess 308 (28)}) (15... Bf6 16. dxc5 Nxc5 17. Ne5 Bxg2 18. Kxg2 Qc7 19.
Qf3 Rad8 20. Rd1 a5 $11 {1/2-1/2 Karpov,A-Anand,V/Frankfurt 1999/CBM 72 (26)})
16. Nxd4 Bxg2 17. Kxg2 Bf6 (17... Bg5 $5 18. f4 Bf6 19. Qf3 a6 20. Rd1 Qc7 21.
Nc6 Rac8 22. Bxf6 Nxf6 23. Ne5 b5 24. Red3 $14 {1/2-1/2 Polak,T-Sax,G/Istanbul
TUR 2000/The Week in Chess 313 (24)}) (17... Qc7 18. Qf3 a6 19. Rd1 Bf6 20. Nc6
Rac8 {1/2-1/2 Gyimesi,Z-Bunzmann,D/Fuerth GER 2000/The Week in Chess 303 (20)})
18. Qf3 Bxd4 $2 {Black decides to exchange his B,what wasn't forced at all.
White pawns advantage on the Q-side and better B than black's N make white
game very easy.} (18... Qc7 $142 19. Nb5 Qc8 20. Bxf6 Nxf6 21. Rd1 $14) 19.
Bxd4 $14 Qc7 20. Rd1 Rad8 21. Red3 {[%cal Gf3g4,Gg4g7]} f6 {Black will have to
make this move sooner or later.It makes the e6P weak and if black will play
sometime e5,it will give white many light squares under control and will take
the N out of the game.} 22. Qe4 Rfe8 (22... e5 $6 23. Qd5+ Kh8 24. Bb2 $16 {
[%cal Gd5d8]}) 23. R3d2 $1 {Good profylactic move against any N jumps in the
future.} Nf8 24. Be3 {White transfers the game to the ending,where his
advantage on the Q-side will be felt even more.} Rxd2 25. Rxd2 Rd8 26. Rxd8
Qxd8 27. c5 $1 $16 {Black has no counterplay.White just uses his
pawn-advantage and better placed pieces to gain big positional adge.} Qc7 (
27... bxc5 28. Bxc5 $16 {[%cal Gc5a7,Gc5f8,Ge4e6]}) 28. c6 Kf7 29. Bf4 Qc8 (
29... e5 30. Qd5+ Ne6 31. Bc1 $16 {[%cal Gc1a3,Ga3d6] We can see here how
helpless is black.}) 30. Bd6 $18 b5 (30... Ng6 31. a4 Ne7 32. Bxe7 Kxe7 33.
Qb4+ Ke8 34. Qd6 e5 35. b4 $18 {[%csl Rc8,Re8]}) 31. Qc2 {[%cal Gc2c5,Gc5a7,
Gc5f8]} ({Even faster was:} 31. Bxf8 $1 Qxf8 (31... Kxf8 32. Qb4+ Ke8 33. Qxb5
$18) 32. Qd3 $18 {[%cal Gd3d7,Gc6c7,Gd3b5]}) 31... Nd7 32. a4 (32. cxd7 {
Also was winning.} Qxc2 33. d8=Q Qe4+ 34. Kh3 Qf5+ 35. g4 Qf3+ 36. Bg3 $18)
32... bxa4 33. bxa4 Nb6 34. Qc5 Qa6 $4 {Black resigned due to the variation:
35.Qh5+ and white mates in couple of moves.} (34... Ke8 $1 35. a5 Nd5 {White
defenetly has big advantage,but he had to work hard and to show some technic
to get a full point.}) 1-0

[Event "Elgoibar 10th"]
[Site "Elgoibar"]
[Date "2000.??.??"]
[Round "1"]
[White "Del Rio de Angelis, Salvador Gabriel"]
[Black "Gomez Esteban, Juan Mario"]
[Result "1-0"]
[WhiteElo "2467"]
[BlackElo "2516"]
[Annotator "Rabinovich,Al"]
[PlyCount "81"]
[EventDate "2000.11.28"]
[EventType "tourn"]
[EventRounds "9"]
[EventCountry "ESP"]
[EventCategory "11"]
[SourceTitle "CBM 081"]
[Source "ChessBase"]
[SourceDate "2001.03.20"]
[SourceVersion "1"]
[SourceVersionDate "2001.03.20"]
[SourceQuality "1"]

1. d4 Nf6 2. Nf3 e6 3. c4 b6 4. g3 Ba6 5. Nbd2 Bb7 (5... Bb4 {This variation
became popular al the last time.It seems like black reaches a very solid and
hard to break position with very nice pawn structure.} 6. Qc2 Bb7 7. Bg2 Be4 8.
Qb3 Bxd2+ 9. Bxd2 O-O 10. O-O d6 11. Rfd1 Nbd7 12. Rac1 Re8 13. Bh3 Qe7 14. Be3
a5 15. Nd2 Bb7 16. Qc2 c5 17. dxc5 bxc5 18. f3 h6 $11 {0-1 Dao Thien Hai-Adams,
M/New Delhi IND 2000/The Week in Chess 317 (68)}) 6. Bg2 c5 7. d5 {This move
is already few years out of fashion.And indeed black gets a very comfortable
Beboni structure. Probably white should look for advantage in 6.e4 line.} exd5
8. Nh4 g6 {The best move.Other options like: 8...b5 8...Be7 give white a
better chances.} 9. cxd5 d6 $6 (9... Bg7 10. Nc4 O-O 11. Nd6 (11. O-O d6 12.
Bf4 Ba6 13. Rc1 Bxc4 14. Rxc4 b5 15. Rc2 Qb6 16. e4 Nbd7 17. Re1 Rfe8 18. b4
Rac8 19. bxc5 Nxc5 20. e5 Nh5 21. e6 Nxf4 22. gxf4 f5 $15 {0-1 Browne,W-Ivanov,
A/Linares 1992/CBM 33 ext (38)}) 11... Ba6 12. a4 Ne8 13. Ne4 d6 14. O-O Nd7
15. Rb1 Ndf6 16. Nc3 Ng4 17. Bd2 Qe7 $11 {0-1 Van Wely,L-Psakhis,L/Leeuwarden
1993/TD (45)} 18. b4 $2 Bxc3 19. Bxc3 Ne3 $17) 10. O-O Bg7 11. Nc4 Ba6 12. Qb3
$5 $146 {[%mdl 8] New and interesting idea.Black has to castle now,because of
the threat 13.Qe3+,after what white plays 13.a4 and succedes in preventing b5
and building strong center.} O-O 13. a4 Ne8 14. e4 Nd7 15. f4 {This move ,his
purpose not only to build nice center structure,but not less important to take
control over e5 square and to prevent from black N on d7 to step in to the
game.} Rb8 {[%cal Gb6b5] Black will have to play b5 sooner or later.} 16. Re1 {
Very important profilactic move .White R goes out from the pin and helps to
play e5.} Qc7 {This positin is better for white.But despite this fact,black
has "good" pieces,good pawn structure and the idea of breaking on queenside.
You can see,that although white succeded to build good center,placed the N on
c4 and prevented until now b5,he still has nothing decisive.It just shows how
solid black's position is.} (16... b5 17. axb5 Bxb5 (17... Rxb5 18. Qc2 $16 {
[%cal Ga1a6,Ga6a7]}) 18. Rxa7 Bxc4 19. Qxc4 Bxb2 20. Bxb2 Rxb2 21. Qc3 Rb4 22.
e5 $16) 17. Qc2 {White prepares for b5.} b5 (17... Nef6 18. Bd2 Rfe8 19. Nf3
$14) 18. axb5 Bxb5 19. Na5 {The white N for a long time is dreaming about c6
square.} c4 {[%cal Gd7c5,Gc5d3]} 20. Nc6 $5 {Good pawn sacrafise.White
probably wasted all his advantage.This move,even if it doesn't win, it
complicates the position and black has to find some good moves.Open position,a
pare of bishops and a few weak black pawns let white enjoy of simple piece
play,while black pieces take "not the best positions" and they have to spend
some time to improve it.} (20. Nf3 c3 $13) 20... Bxc6 21. dxc6 Qxc6 22. e5 (22.
Rxa7 Bd4+ {[%cal Gd4g1,Gd4a7]}) 22... Qc7 23. Be3 Nb6 24. Nf3 {Bringing the N
back in the game.} dxe5 25. fxe5 Rc8 {Black suffers from lack of space for his
pieces,may be because of that was better 25...Rd8 to take control over few
squares on d-file.} 26. Bf2 Bh8 $6 {[%cal Ge8g7,Gg7e6] Black prepares Ng7,Ne6.
He doesn't feel any danger........} {[%tqu "En","White pieces placed well.But
one of them is looking for one spacial square......","","","f3d4","Correct,now
white is winning.Square c6 is taken by white knight.",10]} 27. Nd4 $1 {White N
is in the center and black is in trouble.The square c6 is waiting for the
second N or may be square b5?!28.e6 also won't be too nice for black.} Bxe5 (
27... Qd7 {May be was better,but who would like the position after 28.Red1})
28. Nc6 {[%cal Ga1a7,Ge1e5] Look at white pieces,can you imagine a better
location for them?!} Bf6 29. Rxa7 Qd6 {[%tqu "En","How will you finish the
game?","","","a7a6","Very nice . White wins material and the game very soon
afterwards.",10,"f2b6","",0]} 30. Ra6 $1 (30. Bxb6 Rxc6 31. Bxc6 Qxc6 32. Bf2
Nd6 {Could give black some chances for draw.}) 30... Nd5 (30... Rxc6 31. Bxc6
Qxc6 32. Rxb6 Qd5 33. Rxe8 Rxe8 34. Rxf6 $18) 31. Ne7+ (31. Qxc4 {Also winning.
} Ndc7 32. Ne7+ (32. Bc5 Qd2 33. Bb4 Qxb2 (33... Nd6 34. Qf1 $18 {[%cal Gb4d2,
Gb4d6,Gf1f6]}) 34. Ra2 $18) 32... Bxe7 33. Rxd6 Nxd6 34. Qd3 $18) 31... Nxe7 {
[%mdl 2592]} 32. Rxd6 Nxd6 33. Rd1 Ndf5 (33... c3 {Could give some chances for
counterplay.}) 34. g4 {After white will exchange the bishops the pawn on c4
will fall.} Ng7 (34... Nh4 35. Be4 {[%csl Rh4]}) 35. Bd4 Bxd4+ 36. Rxd4 Ne6 37.
Rxc4 {Now it easy.} Rb8 38. b4 Rfd8 39. h4 h6 40. Qb2 Kh7 $6 {I guess it was
time pressure,but anyway black is lost.} 41. Qf6 1-0

[Event "FIDE-Wch k.o."]
[Site "New Delhi/Teheran"]
[Date "2000.12.02"]
[Round "2.3"]
[White "Dao, Thien Hai"]
[Black "Adams, Michael"]
[Result "0-1"]
[WhiteElo "2555"]
[BlackElo "2755"]
[Annotator "Rabinovich,Al"]
[PlyCount "136"]
[EventDate "2000.11.27"]
[EventType "k.o."]
[EventRounds "7"]
[EventCountry "IND"]
[SourceTitle "CBM 081"]
[Source "ChessBase"]
[SourceDate "2001.03.20"]
[SourceVersion "1"]
[SourceVersionDate "2001.03.20"]
[SourceQuality "1"]

1. d4 Nf6 2. c4 e6 3. Nf3 b6 4. g3 Ba6 5. Nbd2 (5. b3) 5... Bb4 6. Qc2 (6. Qa4
Bxd2+ 7. Bxd2 Bb7 8. Bg2 O-O 9. O-O Bc6 10. Qc2 Be4 11. Qa4 d6 12. c5 dxc5 13.
dxc5 Nbd7 14. Be3 Nxc5 15. Bxc5 bxc5 16. Rac1 Qb8 {1/2-1/2 Bonin,J-Fedorowicz,
J/New York USA 2000/The Week in Chess 294 (16)}) (6. Qb3 c5 7. Bg2 Nc6 8. dxc5
bxc5 9. O-O O-O 10. a3 Bxd2 11. Bxd2 d5 12. cxd5 exd5 13. Rfc1 Ne4 14. Qd1 Re8
15. Bf4 Qf6 {1/2-1/2 Kempinski,R-Hansen,S/Hamburg 1999/CBM 72 (24)}) 6... Bb7
7. Bg2 Be4 8. Qb3 {Another possibility is to play 8.Qd1 and to take later on
d2 with Q.} Bxd2+ 9. Bxd2 O-O 10. O-O d6 {Very solid line for black.For
exchange for white pare of bishops black has very nice pawn structure and well
placed pieces.} 11. Rfd1 Nbd7 12. Rac1 (12. Bf1 {A new idea,trying to play Ne1,
f3,e4 as quick as possible.} Qe7 13. Ne1 c5 14. Be3 d5 15. Nf3 {1-0 Fominyh,
A-Adler,V/Linares ESP 2001/The Week in Chess 324 (72)} Rfc8 {Black got a
promossing position.}) 12... Re8 13. Bh3 Qe7 {All this already was played,but
still there isn't any verdict about currient variation.} 14. Be3 {[%cal Gf3d2]}
a5 15. Nd2 Bb7 16. Qc2 c5 17. dxc5 bxc5 {Black easily equalized. Now when
opening is finished lets try see what both sides will do: White who has a pare
of bishops will promote e4 and will try to open position as much as possible
to activate the bishops. Black will play a4 and will play on the queenside on
half open b-file and also will use the strangth of the knights by taking
control over squares which will be negleckted by white while it will try to
promote e4.} 18. f3 (18. Bf4 $5 {[%cal Gf4d6,Gd2b1,Gb1c3,Gd1d7]}) 18... h6 {
Black doesn't want to let white to exchange his bishop after Bg5.} 19. Bf2 Ne5
20. Bg2 Nc6 {Black is going to place his N on d4,from where it will influance
the game on the queenside, kingside and center.} 21. Nb1 e5 {[%cal Gc6d4]} 22.
Nc3 (22. e3 Nb4 23. Qa4 Bc6 24. Qa3 e4 $17 {[%cal Gb4d3]}) 22... Nd4 $15 23.
Qd2 Bc6 {[%cal Ga8b8,Gb8b2] The white's plan is stopped for a while ,since it
difficult to promote e4 without any material losing.Black simply watches the
d5 square,preventing e4 and beginning to play on b-file.} 24. Qe1 {White tries
to play Rd2,Qd1 and then e4.} a4 25. Rd2 Qb7 26. Qd1 Ra6 (26... Ng4 27. Qf1
Nxf2 28. Qxf2 {Looks also better for black due to strong N on d4 and good
pressure on b-file.}) 27. Nb5 $6 {White's position is a bit worse,but there
was no reason to sacrafise a pawn.} (27. e4 Rb6 $15) 27... Nxb5 (27... Bxb5 28.
cxb5 Nxb5 29. Rc4 a3 30. b3 {[%csl Rd6] With some counterplay.}) 28. cxb5 Bxb5
29. e4 (29. Rxd6 Bxe2 30. Qd2 Rxd6 31. Qxd6 Bxf3 $19) 29... Qb8 $17 {White
initiative will end after the second N will enter the d4 square.} 30. g4 $6 {
White decides to complicate the game,but might have been better just to hold
the position,to prevent from black N to come to d4 and to play 30.Bh3.} Nh7 {
[%cal Gh7g5,Gh7f8,Gf8e6,Gg5e6,Ge6d4]} 31. h4 Nf8 32. g5 hxg5 33. hxg5 Ne6 $19 {
[%cal Ge6f4,Ge6d4,Ge6g5] Now the position is winning for black: in addition to
extra pawn,black will have strong N on d4 and white king begins to feel unsafe.
} 34. Be3 g6 {[%cal Gg8g7,Ge8h8]} 35. Bh3 Nd4 36. Rf2 Bc6 {[%cal Gd6d5] The
moment black will play d5 the game wiil be finished.} 37. Bg4 Rb6 38. Qd2 Kg7
39. Kg2 Rh8 40. Kg3 Rb4 {[%cal Gd6d5,Gb4g4] Black improves all his pieces
before he openes the position.} 41. Rg1 d5 42. Rc1 (42. exd5 Bxd5 43. a3 Rb3
$19) 42... Qd6 43. Rh2 Rbb8 44. Rch1 {Gives up the second pawn,but the
position is already lost.} (44. exd5 Bxd5) 44... dxe4 45. f4 Rbd8 46. Rxh8 Rxh8
47. Rxh8 Kxh8 48. fxe5 Qxe5+ 49. Bf4 Qd5 {[%cal Ge4e3]} 50. Qh2+ Kg8 51. Kh3
Bd7 {Exchanging the bishops is the quickest way.Black has two pawns more and
combination of Q+N is very strong against the weak king.} 52. Qd2 Bxg4+ 53.
Kxg4 Qf5+ 54. Kg3 Ne6 {The rest is simple and needs no explanation.} 55. Be3
Qf3+ 56. Kh2 Nd4 57. Bxd4 cxd4 58. Qxd4 Qh5+ 59. Kg3 Qxg5+ 60. Kf2 Qf4+ 61. Ke2
Qf3+ 62. Kd2 a3 63. b4 Qg2+ 64. Kc1 Qxa2 65. b5 Qb3 66. b6 a2 67. Qb2 Qe3+ 68.
Kc2 Qf2+ 0-1

[Event "RUS-ch 54th"]
[Site "Elista"]
[Date "2001.05.07"]
[Round "7"]
[White "Burmakin, Vladimir"]
[Black "Ibragimov, Ildar"]
[Result "1-0"]
[WhiteElo "2522"]
[BlackElo "2578"]
[Annotator "Rabinovich,Al"]
[PlyCount "87"]
[EventDate "2001.04.29"]
[EventType "swiss"]
[EventRounds "9"]
[EventCountry "RUS"]
[SourceTitle "CBM 083"]
[Source "ChessBase"]
[SourceDate "2001.07.05"]
[SourceVersion "1"]
[SourceVersionDate "2001.07.05"]
[SourceQuality "1"]

1. d4 Nf6 2. Nf3 e6 3. c4 b6 4. g3 Ba6 5. b3 Bb7 {This variation is one of the
most interesting discutions of the theory during the last few years.Mostly the
positions which arise in currient opening are full of life and demand good
understanding from both opponents.This game is good example of strategy buttle
in the center and on the Qside. Black can choose here between 5...Bb4+ 5....b5
and the move in the text.} (5... b5 6. cxb5 Bxb5 7. Bg2 Bb4+ 8. Bd2 a5 9. O-O
O-O 10. a3 Be7 11. Nc3 Bc6 12. Qc2 d5 13. Ne5 Bb7 14. Na4 Nfd7 15. Nd3 $14 {
[%csl Rc7][%cal Gd3c5,Ga4c5] 1-0 Tkachiev,V-Nisipeanu,L/Naujac-sur-Mer FRA
2000/The Week in Chess 303 (28) White achieved a pleasant position.}) 6. Bg2
Bb4+ 7. Bd2 a5 (7... c5 {The alternative.} 8. Bxb4 cxb4 9. O-O O-O 10. Nbd2 d6
11. Qc2 Nc6 12. e4 e5 13. d5 Nb8 14. a3 bxa3 15. b4 a5 16. c5 $44 {1-0
Shariyazdanov,A-Baklan,V/Neum BIH 2000/The Week in Chess 308 (43)}) 8. O-O O-O
9. Nc3 d6 10. Qc2 Nbd7 11. Nb5 $146 (11. Rfe1 Bxc3 12. Bxc3 Be4 13. Qb2 a4 14.
Bf1 c5 15. Nd2 Bb7 16. b4 a3 17. Qb3 cxd4 18. Bxd4 e5 19. Be3 Qc7 20. Rac1 Qc6
21. f3 Qa4 22. Qb1 d5 $15 {0-1 Topalov,V-Adams,M/Frankfurt GER 2000/The Week
in Chess 294 (65)}) (11. Rad1 Bxc3 12. Bxc3 Be4 13. Qc1 a4 14. Bh3 b5 15. Nd2
axb3 16. axb3 bxc4 17. bxc4 Ra2 18. f3 Bc2 $15 {0-1 Morovic Fernandez,I-Adams,
M/Istanbul TUR 2000/The Week in Chess 314 (35)}) (11. Ne1 Qc8 12. Rc1 Re8 13.
Nb5 Bxg2 14. Nxg2 Qb8 15. a3 Bxd2 16. Qxd2 c6 17. Nc3 d5 18. Rfd1 b5 19. cxb5
cxb5 20. Qd3 b4 21. Nb5 Rc8 22. a4 {1/2-1/2 Korchnoi,V-Adams,M/Wijk aan Zee
NED 2000/The Week in Chess 272 (22)}) (11. Rfd1 Re8 12. Nb5 Bxd2 13. Nxd2 Bxg2
14. Kxg2 e5 15. Nf1 Nf8 16. e4 exd4 17. Rxd4 Ne6 18. Rd2 Nc5 19. f3 g5 $13 {
1/2-1/2 Georgiev,K-Nisipeanu,L/New Delhi IND 2000/The Week in Chess 317 (55)})
11... Qb8 {Black is planning after exchanging the bright-square bishops to
play on the Qside by pushing c6 and b5.} (11... Be4 $5 12. Qb2 d5 $11 {[%cal
Gc7c6,Ge4g6,Gh7h6]}) 12. Rfd1 Be4 13. Qb2 c6 14. Nc3 Bxc3 15. Bxc3 b5 $6 (15...
a4 $142 16. b4 b5 $5 {[%cal Gd7b6]}) 16. a4 $1 bxc4 (16... b4 17. Bd2 $14 {
[%cal Ga1c1,Gg2h3,Gf3e1,Gf2f3,Ge2e4]}) 17. bxc4 Qc7 18. Nd2 Rfb8 19. Qa2 Bxg2
20. Kxg2 $14 {[%csl Ra5][%cal Ga1b1,Gd2b3,Gb3a5,Ge2e4] White position is
better.The possibility of playing e4 and playing in the center and playing Nb3,
Rb1,Qd2 putting some pressure on a5,give white an easy game.} c5 21. d5 Re8 22.
e4 Ng4 $6 {This is already too optimistic.Black chooces the wrong plan.Looking
for counterplay black is opening the Kside.} (22... exd5 23. exd5 Re2 24. Re1
Rae8 25. Kf1 $14 {[%csl Ra5]}) 23. Rab1 f5 $6 24. h3 Nh6 (24... Ngf6 25. dxe6
Rxe6 26. exf5 $16) (24... Nge5 25. dxe6 Rxe6 26. exf5 Qc6+ 27. Kg1 Rh6 28. h4
Rf8 29. Qc2 Rh5 30. f4 Nf3+ (30... Rhxf5 31. fxe5 Rf2 32. Qe4 $18) 31. Nxf3
Qxf3 32. Qd3 Qg4 33. Rb7 $16) 25. Qb2 $1 {[%csl Rg7][%cal Gc3g7,Gb2b7] Very
good move.White forces black to exchange one pare of rooks what will make
black's initiative on Kside weak.} (25. Qc2 $143) 25... Rab8 26. Qc2 $16 Rxb1
27. Rxb1 fxe4 (27... exd5 28. exd5 $16 {[%csl Ra5,Rf5,Rh6]}) 28. Qxe4 $1 {
[%cal Gf2f4,Gd5e6]} e5 29. Rb5 Nf6 30. Qb1 $18 {[%cal Gb5b7,Gb5a5]} Qc8 (30...
Ra8 31. Bxa5 $1 Rxa5 $6 32. Rb7 Qd8 33. Rb8 $18) 31. Rxa5 Nf7 32. Ra7 Ng5 33.
g4 Nxg4 34. Qb7 $1 Ne3+ $6 {Black tries to sacrafise a piece and look for
complications,but white K defends himself very well.} (34... Qxb7 35. Rxb7 Nf6
36. a5 Ra8 37. h4 Nge4 38. Nxe4 Nxe4 39. Be1 $18) 35. fxe3 Qxh3+ 36. Kf2 (36.
Kg1 $4 Qxe3+ 37. Kg2 Qe2+ 38. Kg3 Qe3+ $11 39. Kg4 $4 Qf4+ 40. Kh5 g6+ 41. Kh6
Nf7#) 36... Rf8+ 37. Ke2 Qg4+ 38. Kd3 {Now the game is over. White is a piece
up and black has no real compensation for it.} Nh3 39. Kc2 Nf2 40. Kb3 $1 h5
41. Qd7 h4 42. Qe6+ Kh8 $6 (42... Qxe6 $142 43. dxe6 h3 44. Nf1 $18) 43. Qxd6
Rf6 44. Qd8+ {[%cal Gh8h7,Gd8f6]} 1-0